000 00178 a2200097 4500
020 _a9780689817748
041 _aeng
100 _aSandra Boynto
245 _aSnoozers
942 _cK
999 _c31341
_d31339